50 rokov vysokoškolského drevárskeho štúdia. 1949 - 1999 /
Uloženo v:
| Další autoři: | , , |
|---|---|
| Médium: | Kniha |
| Jazyk: | slovenština |
| Vydáno: |
Zvolen :
Technická univerzita vo Zvolene,
1999
|
| Vydání: | 1. vyd. |
| Témata: | |
| ISBN: | 8022808393 |
| On-line přístup: |
|
| Tagy: |
Přidat tag
Žádné tagy, Buďte první, kdo vytvoří štítek k tomuto záznamu!
|
MARC
| LEADER | 00000nam a2200000 4500 | ||
|---|---|---|---|
| 003 | SK-BrCVT | ||
| 005 | 20220925164354.0 | ||
| 006 | aoca e 010 0 | ||
| 008 | 051229s1999####xo oca e 010 0slo#d | ||
| 020 | |a 8022808393 |q (brož.) | ||
| 035 | |a CVTIDW0951503 | ||
| 040 | |b slo |c CVTISR |e AACR2 |a CVTISR | ||
| 041 | 0 | |a slo | |
| 044 | |a xo |c SK | ||
| 080 | |a 630x83 |2 2008 | ||
| 080 | |a 378.662 |2 2008 | ||
| 080 | |a 378.667.4 |2 2008 | ||
| 245 | 0 | 0 | |a 50 rokov vysokoškolského drevárskeho štúdia. 1949 - 1999 / |c zostavili: Mikuláš Šupín, Igor Čunderlík, Jaroslav Rašner |
| 250 | |a 1. vyd. | ||
| 260 | |a Zvolen : |b Technická univerzita vo Zvolene, |c 1999 | ||
| 300 | |a 166 s. : |b fotogr., tab. ; |c 25 cm | ||
| 653 | 1 | |a výchovno-vzdelávacia činnosť |a vedeckovýskumná činnosť |a drevársky priemysel | |
| 655 | 7 | |a prehľady |2 SNKPH | |
| 700 | 1 | |a Šupín, Mikuláš |4 com | |
| 700 | 1 | |a Čunderlík, Igor |d 1949-, |4 com | |
| 700 | 1 | |a Rašner, Jaroslav |4 com | |
| 852 | |a CVTISR |b 1 | ||
| 910 | |b V000336 |b A571069 | ||
| 919 | |a 80-228-0839-3 | ||
| 959 | |a 41 | ||
| 974 | |a maria.Geracsekova |f Knihy |b CLI CLI | ||
| 992 | |a APH | ||
| 999 | |c 111951 |d 111951 | ||

